00321nam a2200109 4500082001400000084002500014100001300039245005600052260007700108300001000185650001600195 aPDF1bARU 2Colon Classification aArun, A. aWork report for post doctoral fellowship/cArun, A. aTrivandrum:bDepartment of Futures Studies, University of Kerala,c2025. a47 p. aMathematics